Diseases of annual edible oilseed crops /

"These three volumes deal with the diseases of primarily cultivated annual edible oilseeds, i.e., peanut (groundnut), rapeseed-mustard, sesame, sunflower, safflower, and nigerseed. It is reliably believed that this book will be of great help not only to students, reseachers, and teachers but al...

Descripción completa

Guardado en:
Autor Principal: Kolte, S. J.
Formato: Libro
Idioma:English
Publicado: Boca Raton, Fla. : CRC Press, c1984-c1985.
Edición:1st ed.
Materias:
Etiquetas: Agregar Etiqueta
Sin Etiquetas, Sea el primero en etiquetar este registro!
LEADER 02059cam a2200421 a 4500
001 EEA.libagro010034
008 840306m19841985flua#####b####001#0#eng##
005 20191205124952.0
245 1 0 |a Diseases of annual edible oilseed crops /  |c author, S. J. Kolte. 
250 |a 1st ed. 
260 |a Boca Raton, Fla. :  |b CRC Press,  |c c1984-c1985. 
300 |a 3 v. :  |b il. ;  |c 26 cm. 
504 |a Incluye referencias bibliográficas e índices. 
505 0 |a v. 1. Peanut diseases -- v. 2. Rapeseed-mustard and sesame diseases -- v. 3. Sunflower, safflower, and nigerseed diseases. 
520 |a "These three volumes deal with the diseases of primarily cultivated annual edible oilseeds, i.e., peanut (groundnut), rapeseed-mustard, sesame, sunflower, safflower, and nigerseed. It is reliably believed that this book will be of great help not only to students, reseachers, and teachers but also to agricultural extension workers, field workers, seed growers, and seed crop inspectors, and subsequently to the farmers, to achieve the over-all objective of increase in oilseed crop yields throughout the world". 
020 |a 0849353807 (v. 1) 
020 |z 0849353815 (v. 2) 
020 |z 0849353823 (v. 3) 
100 1 |a Kolte, S. J. 
082 0 0 |a 633.85 
650 7 |a Fitopatología  |2 agrovoc 
650 7 |a Enfermedades de las plantas  |2 agrovoc 
650 7 |a Plantas oleaginosas  |2 agrovoc 
650 7 |a Semillas oleaginosas  |2 agrovoc 
650 7 |a Arachis hypogaea  |2 agrovoc 
650 7 |a Helianthus annuus  |2 agrovoc 
650 7 |a Cártamo  |2 agrovoc 
650 7 |a Brassica napus  |2 agrovoc 
650 7 |a Mostaza  |2 agrovoc 
650 7 |a Sésamo  |2 agrovoc 
650 7 |a Negrillo  |2 agrovoc 
650 7 |a Guizotia abyssinica  |2 agrovoc 
010 |a  84005824  
040 |a DLC  |c DLC  |d DLC  |d OCoLC 
050 0 0 |a SB608.O3  |b K65 1984 
859 |a AR-BbBCA  |b BIB. AGRONOMIA  |h 633.85  |i K81  |p 1988/1149  |v Vol. 1  |3 Vol. 1 
859 |a AR-BbBCA  |b BIB. AGRONOMIA  |h 633.85  |i K81  |p 1988/1150  |v Vol. 2  |3 Vol. 2 
859 |a AR-BbBCA  |b BIB. AGRONOMIA  |h 633.85  |i K81  |p 1988/1151  |v Vol. 3  |3 Vol. 3